Digital Electronics : principles and applications (Record no. 8427)
[ view plain ]
| 000 -LEADER | |
|---|---|
| fixed length control field | 00613nam a2200205 a 4500 |
| 003 - CONTROL NUMBER IDENTIFIER | |
| control field | PK-NaQUE |
| 005 - DATE AND TIME OF LATEST TRANSACTION | |
| control field | 20250901104621.0 |
| 008 - FIXED-LENGTH DATA ELEMENTS--GENERAL INFORMATION | |
| fixed length control field | 250901b ||||| |||| 00| 0 eng d |
| 020 ## - INTERNATIONAL STANDARD BOOK NUMBER | |
| International Standard Book Number | 0073222755 (hardcover) |
| 020 ## - INTERNATIONAL STANDARD BOOK NUMBER | |
| International Standard Book Number | 9780073222752 (hardcover) |
| 040 ## - CATALOGING SOURCE | |
| Transcribing agency | QUEST |
| 100 1# - MAIN ENTRY--PERSONAL NAME | |
| Personal name | Tokheim, Roger. |
| 245 10 - TITLE STATEMENT | |
| Title | Digital Electronics : principles and applications |
| 250 ## - EDITION STATEMENT | |
| Edition statement | 5th ed. |
| 260 ## - PUBLICATION, DISTRIBUTION, ETC. (IMPRINT) | |
| Place of publication, distribution, etc | [S.l.] : |
| Name of publisher, distributor, etc | McGraw-Hill Science/Engineering/Math, |
| Date of publication, distribution, etc | 1999. |
| 300 ## - PHYSICAL DESCRIPTION | |
| Extent | 534 p. ; |
| 650 ## - SUBJECT ADDED ENTRY--TOPICAL TERM | |
| Topical term or geographic name as entry element | Digital Electronics |
| 856 40 - ELECTRONIC LOCATION AND ACCESS | |
| Uniform Resource Identifier | <a href="http://10.10.170.122:8080/browse/book/18548">http://10.10.170.122:8080/browse/book/18548</a> |
| Link text | Download eBook |
| 942 ## - ADDED ENTRY ELEMENTS (KOHA) | |
| Koha item type | Books |
| Source of classification or shelving scheme | Dewey Decimal Classification |
| Withdrawn status | Lost status | Damaged status | Not for loan | Home library | Current library | Date acquired | Total Checkouts | Full call number | Barcode | Date last seen | Price effective from | Koha item type | Cost, normal purchase price |
|---|---|---|---|---|---|---|---|---|---|---|---|---|---|
| Central Library, QUEST, Nawabshah | Central Library, QUEST, Nawabshah | 04/08/2014 | 621.3815TOK | 23563 | 04/08/2014 | 04/08/2014 | Books | ||||||
| Central Library, QUEST, Nawabshah | Central Library, QUEST, Nawabshah | 04/08/2014 | 621.3815TOK | 23542 | 04/08/2014 | 04/08/2014 | Books | ||||||
| Central Library, QUEST, Nawabshah | Central Library, QUEST, Nawabshah | 04/08/2014 | 621.3815TOK | 23543 | 04/08/2014 | 04/08/2014 | Books | ||||||
| Central Library, QUEST, Nawabshah | Central Library, QUEST, Nawabshah | 04/08/2014 | 621.3815TOK | 23544 | 04/08/2014 | 04/08/2014 | Books | ||||||
| Central Library, QUEST, Nawabshah | Central Library, QUEST, Nawabshah | 13/08/2014 | 621.3815TOK | 21312 | 13/08/2014 | 13/08/2014 | Books | 887.98 | |||||
| Central Library, QUEST, Nawabshah | Central Library, QUEST, Nawabshah | 20/08/2014 | 621.3815TOK | 19419 | 20/08/2014 | 20/08/2014 | Books | 492.92 | |||||
| Central Library, QUEST, Nawabshah | Central Library, QUEST, Nawabshah | 25/08/2014 | 621.3815TOK | 20564 | 25/08/2014 | 25/08/2014 | Books | 175.00 | |||||
| Central Library, QUEST, Nawabshah | Central Library, QUEST, Nawabshah | 25/08/2014 | 621.3815TOK | 20565 | 25/08/2014 | 25/08/2014 | Books | 175.00 | |||||
| Central Library, QUEST, Nawabshah | Central Library, QUEST, Nawabshah | 25/08/2014 | 621.3815TOK | 20566 | 25/08/2014 | 25/08/2014 | Books | 175.00 | |||||
| Lost and Paid For | Central Library, QUEST, Nawabshah | Central Library, QUEST, Nawabshah | 25/08/2014 | 621.3815TOK | 20567 | 25/08/2014 | Books | 175.00 | |||||
| Central Library, QUEST, Nawabshah | Central Library, QUEST, Nawabshah | 25/08/2014 | 621.3815TOK | 20568 | 25/08/2014 | 25/08/2014 | Books | 175.00 | |||||
| Central Library, QUEST, Nawabshah | Central Library, QUEST, Nawabshah | 08/09/2014 | 621.3815TOK | 17714 | 08/09/2014 | 08/09/2014 | Books | 491.60 | |||||
| Central Library, QUEST, Nawabshah | Central Library, QUEST, Nawabshah | 08/09/2014 | 621.3815TOK | 17715 | 08/09/2014 | 08/09/2014 | Books | 491.60 |